000 00284nam a2200121Ia 4500
008 190216s9999||||xx |||||||||||||| ||und||
100 _aJordan E L & Verma P S
245 0 _aChordate Zoology
260 _bS Chand & Co
_c1977
300 _a1151p
650 _aZoology
942 _cBK
999 _c37427
_d37427